Rypins' clinical sciences review /

Bibliographic Details
Other Authors: Rypins, Harold, 1892-1939, Frohlich, Edward D., 1931-
Format: Book
Language:English
Published: Philadelphia : Lippincott, [1993]
Edition:16th ed.
Subjects:

MARC

Tag First Indicator Second Indicator Subfields
LEADER 00000cam a2200000 a 4500
001 in00001502921
005 20151021074512.0
008 920729s1993 paua b 001 0 eng c
010 |a  92049956  
019 |a 28291814 
020 |a 0397512465 
035 |a (OCoLC)26318644 
035 |9 AJH7967AM 
040 |a DNLM/DLC  |c DLC  |d NLM  |d VVO  |d TXA  |d UtOrBLW 
049 |a TXAM 
050 0 0 |a R834.5  |b .R964 1993 
060 0 0 |a WB 18  |b R995 1993 
069 0 |a 9211458 
082 0 0 |a 610/.76  |2 20 
245 0 0 |a Rypins' clinical sciences review /  |c edited by Edward D. Frohlich ; with the collaboration of a review panel. 
250 |a 16th ed. 
264 1 |a Philadelphia :  |b Lippincott,  |c [1993] 
264 4 |c ©1993 
300 |a xii, 431 pages :  |b illustrations ;  |c 28 cm. 
336 |a text  |b txt  |2 rdacontent 
337 |a unmediated  |b n  |2 rdamedia 
338 |a volume  |b nc  |2 rdacarrier 
500 |a Revised edition of: Rypins' medical boards review. 15th edition Volume 2, Clinical sciences. c1989. 
504 |a Includes bibliographical references and index. 
505 0 |a 1. Medical qualifying examinations -- 2. Surgery -- 3. Internal Medicine -- 4. Obstetrics and gynecology -- 5. Pediatrics -- 6. Public health and community medicine -- 7. Psychiatry. 
650 0 |a Medicine  |v Examinations, questions, etc. 
650 0 |a Medicine  |v Outlines, syllabi, etc. 
650 1 2 |a Clinical Medicine  |v examination questions. 
700 1 |a Rypins, Harold,  |d 1892-1939. 
700 1 |a Frohlich, Edward D.,  |d 1931- 
730 0 |a Rypins' medical boards review.  |n Volume 2. 
740 0 |a Clinical sciences review. 
948 |a c:jh 
999 |a MARS 
999 f f |s f3fe056f-f47d-3ffd-b434-2998ebd902fb  |i bb61e3dd-6000-344e-9ab5-bdb3b11b710f  |t 0 
952 f f |p ric  |a Texas A&M University  |b Rellis Campus  |c Joint Library Facility  |d Remote Storage  |t 0  |e R834.5 .R964 1993  |h Library of Congress classification  |i unmediated -- volume  |m A14825074770 
998 f f |a R834.5 .R964 1993  |t 0  |l Remote Storage